MARC

LEADER 00000nas a2200000 a 4500
001 ssj0029574
003 WaSeSS
005 20200512172242.0
006 m d
007 cr n
008 020828c19979999is qr pss 0 0eng c
010 |a  2004255125 
022 |y 1565-8996 
035 |a (WaSeSS)ssj0029574 
040 |a VPI  |b eng  |c VPI  |d OCLCQ  |d ZCU  |d CGU  |d OCLCQ  |d EEM  |d OCLCQ  |d OCLCF  |d OCLCQ  |d UAB  |d WaSeSS 
042 |a pcc 
043 |a aw----- 
050 1 4 |a DS63.1 
245 0 0 |a Middle East review of international affairs  |h [electronic resource] :  |b MERIA. 
246 3 0 |a MERIA 
246 3 |a M E R I A Journal 
260 |a [Herzliya, Israel] :  |b Global Research in International Affairs (GLORIA) Center and Begin-Sadat Center for Strategic Studies 
310 |a Quarterly 
362 0 |a Vol. 1, no. 1 (Jan. 1997)- 
500 |a Consists of two sections, MERIA journal, a refereed journal, usually issued quarterly and MERIA news which is updated frequently. 
500 |a Title from journal home page (viewed Mar. 31, 2004). 
506 |a License restrictions may limit access. 
515 |a As additional issues of both sections of MERIA are published, old issues will be listed under the link "Back issues." 
538 |a Mode of access: World Wide Web. 
588 |a Latest issue consulted: Vol. 8, no. 1 (spring 2004) (viewed Mar. 31, 2004). 
648 7 |a Since 1945  |2 fast 
650 7 |a Diplomatic relations.  |2 fast  |0 (OCoLC)fst01907412 
650 7 |a Politics and government.  |2 fast  |0 (OCoLC)fst01919741 
651 0 |a Middle East  |x Foreign relations  |v Periodicals. 
651 0 |a Middle East  |x Politics and government  |y 1945-  |v Periodicals. 
651 7 |a Middle East.  |2 fast  |0 (OCoLC)fst01241586 
655 0 |a Electronic journals. 
710 2 |a Merkaz Besa le-meḥḳarim asṭraṭegiyim. 
740 0 2 |a MERIA news. 
740 0 2 |a MERIA journal. 
856 4 0 |z Full text available from Research Library: 03/01/2009 to 10/31/2017  |u https://search.proquest.com/publication/54955